| 000 -LEADER |
| fixed length control field |
01047nam a22001457a 4500 |
| 008 - FIXED-LENGTH DATA ELEMENTS--GENERAL INFORMATION |
| fixed length control field |
231011b ||||| |||| 00| 0 eng d |
| 100 ## - MAIN ENTRY--PERSONAL NAME |
| Personal name |
Agnihotri, Indu |
| 245 ## - TITLE STATEMENT |
| Title |
Women’s histories of struggle in the face of a politics that divided nations: Excerpts from a conversation with Pramila Pandhe |
| 260 ## - PUBLICATION, DISTRIBUTION, ETC. (IMPRINT) |
| Place of publication, distribution, etc |
Social Scientist |
| 300 ## - PHYSICAL DESCRIPTION |
| Extent |
51(7-8), Jul-Aug, 2023: p.87-92 |
| 520 ## - SUMMARY, ETC. |
| Summary, etc |
Pramila Pandhe had weathered many storms and shouldered multiple responsibilities before I came to know her a short, gentle women quite unlike my image of a leader when she took charge as the office secretary of the all India Democratic women’s association (AIDWA), and late rice President of AIDWA. The story of the life was intertwined with the time she lived through colonial rule the influence of the social reform movement and her experience ne in Institutions was a visible presence in the western reign of India during the anti-imperialist struggle. – Reproduced |
| 773 ## - HOST ITEM ENTRY |
| Main entry heading |
Social Scientist |
| 906 ## - LOCAL DATA ELEMENT F, LDF (RLIN) |
| Subject DIP |
WOMEN |
| 942 ## - ADDED ENTRY ELEMENTS (KOHA) |
| Item type |
Articles |